000 01051nam a22001937a 4500
999 _c145913
_d145913
005 20180927151943.0
010 _a17-18HN-4.8.17 B-701608-635
020 _a9789381777626
_c550.00
035 _aB-701608-635
037 _bसुलभ प्रकाशन
082 _a822
100 _aप्रभाकर, विष्णु
245 _aविष्णु प्रभाकर के प्रमुख एकाँकी-संग्रह /
_cप्रभाकर, विष्णु
260 _aमेरठ कैन्ट
_bसुलभ प्रकाशन
_c2018
270 _a140-बी. सी. लाइन्स
_bमैरठ कैन्ट
300 _a270पृ.
_c22सेमी (सजिल्द )
942 _2ddc
_cHN
_mप्रभाक
_h822